00638nam a2200157Ia 4500008004100000041001200041082001100053100002000064245007500084260000600159650000700165942000700172999001700179952014200196952014200338221030s9999 xx 000 0 und d aEnglish a105.23 aP. N. Gooderham 0aInternational Management Cross Boundary Challengescby P. N. Gooderham c0 aMb cBK c10968d10968 pMB 140l0o105.23 r2022-10-30 00:00:00w2022-10-30yBK003Print4070aMIETLIBbMIETLIBcBL-, FL-, CUP-0, SH-0, R-0d2012-05-2810HMBA pMB 141l0o105.23 r2022-10-30 00:00:00w2022-10-30yBK003Print4070aMIETLIBbMIETLIBcBL-, FL-, CUP-0, SH-0, R-0d2012-05-2810HMBA